| 000 | 00692nam a22002297a 4500 | ||
|---|---|---|---|
| 005 | 20251203120019.0 | ||
| 008 | 251203b |||||||| |||| 00| 0 eng d | ||
| 020 | _a9789353946760 | ||
| 040 | _cAL | ||
| 041 | _aEnglish | ||
| 082 |
_a519.5 _bHOGI |
||
| 100 |
_aRobert V Hogg and others _9247401 |
||
| 245 | _aIntroduction to Mathematical statistics | ||
| 250 | _a8 | ||
| 260 |
_aUttar Pradesh _bPearson India Education services pvt ltd _c2020 |
||
| 300 |
_a760 p. _bPB _c26x20 cm. |
||
| 365 |
_aABDI/0821/25 _b₹997.50 _c₹ _d₹1330.00 _e25% _f13-11-2025 |
||
| 650 |
_aStatistics _9247402 |
||
| 700 |
_aMckean, Joseph W _9247403 |
||
| 700 |
_aCraig, Allen T _9247404 |
||
| 942 |
_2ddc _cBK |
||
| 999 |
_c240709 _d240709 |
||